|
|
|
|
| LEADER |
00000nas a2200000 a 4500 |
| 001 |
ssj0000396260 |
| 003 |
WaSeSS |
| 005 |
20200512172242.0 |
| 006 |
m d |
| 007 |
cr n |
| 008 |
100815c20109999enkuu p s 0 a0eng |
| 010 |
|
|
|a 2010243883
|
| 016 |
7 |
|
|a 2573906-2
|2 DE-600
|
| 016 |
7 |
|
|a 101543460
|2 DNLM
|
| 016 |
7 |
|
|a 018986697
|2 Uk
|
| 022 |
|
|
|a 2090-2212
|l 2090-2204
|y 2090-2204
|
| 035 |
|
|
|a (WaSeSS)ssj0000396260
|
| 040 |
|
|
|a UV0
|b eng
|c UV0
|d UV0
|d HEBIS
|d NLM
|d SCB
|d OCLCQ
|d CUS
|d OCLCQ
|d CUS
|d OCLCQ
|d OCLCF
|d OCLCO
|d EUW
|d OCLCO
|d OCLCQ
|d OCLCO
|d DLC
|d WT2
|d OCLCO
|d OCLCA
|d OCLCQ
|d AU@
|d OCLCA
|d UKMGB
|d OCLCQ
|d WaSeSS
|
| 042 |
|
|
|a pcc
|
| 050 |
0 |
0 |
|a QP86
|
| 050 |
1 |
4 |
|a RC952.A1
|
| 060 |
1 |
0 |
|a W1
|
| 210 |
1 |
0 |
|a J Aging Res
|2 dnlm
|
| 245 |
0 |
0 |
|a Journal of aging research
|h [electronic resource].
|
| 260 |
|
|
|a London :
|b SAGE-Hindawi Access to Research
|
| 260 |
3 |
|
|3 2011- :
|a New York :
|b Hindawi
|
| 362 |
1 |
|
|a Began with vol. 2010 (2010).
|
| 506 |
|
|
|a License restrictions may limit access.
|
| 515 |
|
|
|a Articles added consectively to current annual v.
|
| 538 |
|
|
|a Mode of access: World Wide Web.
|
| 588 |
0 |
|
|a 2010 (2010); title from HTML header (publisher's Web site, viewed Aug. 16, 2010).
|
| 588 |
1 |
|
|a Vol. 2016 (2016) (viewed Jul. 8, 2016).
|
| 650 |
|
0 |
|a Aging
|v Periodicals.
|
| 650 |
1 |
2 |
|a Aging.
|
| 650 |
|
7 |
|a Aging.
|2 fast
|0 (OCoLC)fst00800293
|
| 655 |
|
0 |
|a Electronic journals.
|
| 776 |
0 |
8 |
|a Journal of aging research
|x 2090-2204
|
| 850 |
|
|
|a DLC
|
| 856 |
4 |
0 |
|z Full text available from Research Library: 01/01/2014 to present
|u https://search.proquest.com/publication/2037455
|